| 000 | 00399 a2200109 4500 | ||
|---|---|---|---|
| 001 | ART_41851 | ||
| 005 | 20260410162024.0 | ||
| 008 | 260409a | ||
| 245 | 1 | 0 | _a¿Cuánto vivieron los nacidos a fines del siglo XIX y cuánto vivirán los nacidos a fines del siglo XX? |
| 100 | 1 | _aSacco, Nicolás | |
| 773 | 0 |
_tNotas de población _g- Año XLIII, Nº 103 (jul./dic. 2016) _wREV41841 |
|
| 999 |
_c33357 _d33357 |
||